00000000nam##2200000za#4500
0019.675653
003CaOODSP
00520210624225352
007cr |||||||||||
008150407|2000||||xxc|||||o    f|0| 0 eng|d
040 |aCaOODSP|beng
041 |aeng
041 |afre
043 |an-cn---
0861 |aSE1-1/2000-1-PDF
1101 |aCanada.|bElections Canada. |bChief Electoral Officer of Canada.
24510|aThirty-seventh general election 2000, official voting results. Synopsis / |h[electronic resource]|cPublished by the Chief Electoral Officer of Canada.
2461 |iVariant title : |aOfficial voting results. Synopsis 2000
260 |aOttawa - Ontario : |bElections Canada. |cc2001.
300 |a28p.|bgraphs, tables
500 |aThe catalogue number (SE1-1/2000-1) and ISBN (0-662-65518-4) for the bilingual print edition have been incorrectly copied in this electronic publication.
546 |aBilingual
590 |a12-05-Supp|b2012-03-02
69007|aElections|2gcpds
69007|aElectoral system|2gcpds
792 |tTrente-septième élection générale 2000, résultats officiels du scrutin. Synopsis / |efre|w(CaOODSP)9.675654
85640|ahttp://publications.gc.ca|qPDF|s435 KB|uhttps://publications.gc.ca/collections/Collection/SE1-1-2000-1.pdf
986 |aEC 94319